Vetranie a klimatizácia polyfunkčného objektu

Na minha lista:
Detalhes bibliográficos
Autor principal: Koník, Maroš, 1989- (Author)
Outros Autores: Székyová, Marta, 1944- (Thesis advisor)
Formato: Manuscrito Livro
Idioma:eslovaco
Publicado em: Bratislava : STU v Bratislave SvF, 2013
Assuntos:
Acesso em linha:VAIS
Tags: Adicionar Tag
Sem tags, seja o primeiro a adicionar uma tag!

MARC

LEADER 00000ntm a22000003a 4500
001 stu271663
005 20150617230230.6
008 130719s2013----xo------------------slo-d
040 |a STU  |b slo 
041 0 |a slo 
044 |a xo 
100 1 |a Koník, Maroš,  |d 1989-  |4 aut  |u V  |T SvF Stavebná fakulta  |X 49649  |U V  |Y 10  |7 A000049649 
242 0 0 |a Ventilation and airconditioning of the polyfunctional building  |y eng 
245 1 |a Vetranie a klimatizácia polyfunkčného objektu 
260 |a Bratislava :  |b STU v Bratislave SvF,  |c 2013 
650 7 |a Building Services  |2 estusub 
650 7 |a refrigeration  |2 estusub 
650 7 |a ventilation  |2 estusub 
650 7 |a klimatizácia  |2 stusub 
650 7 |a chladenie  |2 stusub 
650 7 |a polyfunkčný objekt  |2 stusub 
650 7 |a vetranie  |2 stusub 
700 1 |a Székyová, Marta,  |d 1944-  |4 ths  |u V290  |U SvF Stavebná fakulta  |T SvF Katedra technických zariadení budov  |X 682  |U V290  |Y 31  |7 A000000682 
856 4 |a info a plný text  |u http://is.stuba.sk/zp/portal_zp.pl?podrobnosti=93028  |3 VAIS